[Event "Bratislava Rintel Memorial"]
[Site "Bratislava"]
[Date "2018.09.01"]
[Round "7"]
[White "Strelbitska, Oleksandra"]
[Black "Havalda, Samuel"]
[Result "1-0"]
[WhiteElo "1534"]
[BlackElo "1453"]
[PlyCount "65"]
[EventDate "2018.08.29"]
[EventType "swiss"]
[EventRounds "7"]
[EventCountry "SVK"]
[SourceTitle "CBM 186 Extra"]
[Source "ChessBase"]
[SourceDate "2018.08.24"]
[SourceVersion "1"]
[SourceVersionDate "2018.08.24"]
[SourceQuality "1"]

1. d4 d5 2. c4 e6 3. Nc3 Nf6 4. Bg5 Nbd7 5. Nf3 Be7 6. e3 0-0 7. c5 c6 8. b4 b5 9. Bd3 a5 10. a3 h6 11. Bh4 Bb7 12. 0-0 Qc7 13. Bg3 Qc8 14. h3 Nh5 15. Bh2 Bd8 16. Ne2 Bc7 17. g4 Bxh2+ 18. Nxh2 Nhf6 19. f4 Kh8 20. Ng3 g6 21. Qc2 Kg7 22. Nf3 Re8 23. Ne5 Nf8 24. g5 Ng8 25. h4 h5 26. e4 Re7 27. f5 Rc7 28. Qf2 a4 29. fxg6 fxg6 30. exd5 exd5 31. Bxg6 Nxg6 32. Qf7+ Rxf7 33. Rxf7+ 1-0

[Event "Bratislava Rintel Memorial"]
[Site "Bratislava"]
[Date "2018.08.29"]
[Round "2"]
[White "Strelbitska, Oleksandra"]
[Black "Koska, Jiri"]
[Result "1-0"]
[WhiteElo "1534"]
[BlackElo "1300"]
[PlyCount "94"]
[EventDate "2018.08.29"]
[EventType "swiss"]
[EventRounds "7"]
[EventCountry "SVK"]
[SourceTitle "CBM 186 Extra"]
[Source "ChessBase"]
[SourceDate "2018.08.24"]
[SourceVersion "1"]
[SourceVersionDate "2018.08.24"]
[SourceQuality "1"]

1. d4 d5 2. c4 e6 3. Nc3 Nf6 4. Bf4 Bd6 5. Bxd6 Qxd6 6. c5 Qe7 7. Nf3 Nc6 8. a3 Bd7 9. e3 a6 10. Bd3 b6 11. b4 a5 12. b5 Na7 13. c6 Bc8 14. a4 Qb4 15. Qd2 0-0 16. 0-0 Qd6 17. Ne5 Ne8 18. f4 f6 19. Nf3 Qe7 20. Qc2 g6 21. Nh4 f5 22. Nf3 Nd6 23. Ne5 Nf7 24. Rf3 Nxe5 25. fxe5 Qg5 26. Rg3 Qh6 27. Rf1 Rf7 28. Rff3 Qf8 29. h4 Rg7 30. Ne2 Qe7 31. Rh3 Rf7 32. Nf4 Rg7 33. Rfg3 Kh8 34. h5 g5 35. h6 Rg8 36. Nh5 Rg6 37. Nf6 Qf7 38. Qd1 Qe7 39. Rh5 g4 40. Nxg4 Rg5 41. Rxg5 Qxg5 42. Qf3 Qg6 43. Nf6 Qf7 44. Rg8+ Qxg8 45. Nxg8 Kxg8 46. Qg3+ Kf7 47. Qg7+ Ke8 1-0

[Event "SVK-ch U14 Girls"]
[Site "Liptovsky Mikulas"]
[Date "2017.04.23"]
[Round "2"]
[White "Tomcikova, Dominika"]
[Black "Strelbitska, Oleksandra"]
[Result "0-1"]
[WhiteElo "1907"]
[BlackElo "1618"]
[PlyCount "158"]
[EventDate "2017.04.22"]
[EventType "swiss"]
[EventRounds "9"]
[EventCountry "SVK"]
[SourceTitle "CBM 178 Extra"]
[Source "ChessBase"]
[SourceDate "2017.06.22"]
[SourceVersion "1"]
[SourceVersionDate "2017.06.22"]
[SourceQuality "1"]

1. e4 c5 2. Nc3 Nc6 3. g3 g6 4. Bg2 Bg7 5. d3 d6 6. f4 Nf6 7. Nf3 0-0 8. 0-0 e6 9. Ne2 b6 10. e5 Nd5 11. c4 Nde7 12. d4 dxe5 13. Nxe5 Bb7 14. Nxc6 Bxc6 15. Bxc6 Nxc6 16. dxc5 bxc5 17. Rb1 Qb6 18. a3 Na5 19. Qc2 Qb3 20. Qxb3 Nxb3 21. Be3 Bd4 22. Bxd4 cxd4 23. Rfd1 Rfd8 24. Rd3 Na5 25. Rc1 Nc6 26. b4 e5 27. b5 e4 28. Rd2 d3 29. bxc6 dxe2 30. Rxe2 Rd4 31. Rb2 Rc8 32. Rb7 Rxc6 33. Rxa7 Rcxc4 34. Rxc4 Rxc4 35. a4 Kg7 36. Kf2 Rc2+ 37. Ke3 Rxh2 38. Kxe4 Ra2 39. a5 h5 40. a6 Ra3 41. Ra8 Rxg3 42. Rb8 Ra3 43. Rb6 h4 44. Rc6 h3 45. Rc2 Rxa6 46. Kf3 Ra3+ 47. Kg4 f5+ 48. Kg5 Rg3+ 49. Kh4 Rg4+ 50. Kxh3 Rxf4 51. Kg3 Rg4+ 52. Kf3 Kf6 53. Rc6+ Kg5 54. Ra6 Kh4 55. Rb6 Kg5 56. Ra6 Rb4 57. Ra3 Rh4 58. Kg3 f4+ 59. Kg2 Rg4+ 60. Kf2 Kh4 61. Ra6 Kh3 62. Ra1 Rg2+ 63. Kf3 g5 64. Rh1+ Rh2 65. Ra1 g4+ 66. Kxf4 Rf2+ 67. Ke3 g3 68. Rh1+ Rh2 69. Rg1 Kg4 70. Ra1 Rf2 71. Rg1 Kh3 72. Rh1+ Kg2 73. Rh8 Kg1 74. Rg8 g2 75. Ra8 Rf5 76. Ra7 Rh5 77. Rg7 Rh3+ 78. Ke2 Rh2 79. Kf3 Kh1 0-1